Are You There, X? It's Me, Y Quiz Stats

 Plays Quiz Updated Jul 16, 2018

Challenge
Share
Tweet
Embed
Score 0/20 Timer 05:00
55 Plays Today
% Correct
The Wizard of Oz
96.2%
The Empire Strikes Back
96%
Moby-Dick
96%
Game of Thrones
94.3%
The Hobbit
94.1%
Book of Exodus
93.4%
The Iliad
92.3%
Gone with the Wind
91.8%
Brideshead Revisited
91.7%
2001: A Space Odyssey
88.4%
% Correct
Les Misérables
87.5%
The Godfather
86.3%
It's a Wonderful Life
85.4%
The Lion, the Witch and the Wardrobe
85.2%
Citizen Kane
84.4%
The God Delusion
83.8%
The Princess Bride
83.1%
Space Oddity
82.3%
Wuthering Heights
79.8%
Pride and Prejudice
72.3%

You're not logged in!

Compare scores with friends on all Sporcle quizzes.
Join for Free
OR
Log In

You Might Also Like...

Show Comments

Extras

Top Quizzes Today


Score Distribution

Your Account Isn't Verified!

In order to create a playlist on Sporcle, you need to verify the email address you used during registration. Go to your Sporcle Settings to finish the process.

Report this User

Report this user for behavior that violates our Community Guidelines.

Details: